The dynamics of instructional groups.

Guardado en:
Detalles Bibliográficos
Autor corporativo: National Society for the Study of Education. Commite on Education for the Professions
Formato: Libro
Idioma:Inglés
Colección:(National Society for the Study of Education ; 69)
Temas:
Etiquetas: Agrega una etiqueta
Sin etiquetas, Sé el primero en etiquetar este registro!

MARC

LEADER 00000nam^a2200000^u^4500
001 000497058
005 20250521000000.0
008 070227s1000^^^^^^^^^^^^r^^^^^000^0^spa^d
009 20260310125626.304
035 |a FCE 000040671 
037 |a Acervo ITESO - Biblioteca 
041 |a eng 
082 0 4 |a 082.1  |b NSSE 69 P.2 
110 |a National Society for the Study of Education. Commite on Education for the Professions 
245 1 0 |a The dynamics of instructional groups. 
264 |a Chicago :  |b NSSE,  |c 1960. 
300 |a 280 p. 
336 |a texto  |b txt  |2 rdacontenido 
337 |a sin mediación  |b n  |2 rdamedio 
338 |a volumen  |b nc  |2 rdasoporte 
440 0 0 |a (National Society for the Study of Education ;  |v 69) 
649 |a XX 
650 |a Papel del docente 
650 |a Enseñanza 
910 |a Fondo Centro de Estudios Educativos 
920 |a Impresos - Libros 
930 |a Fondos Especiales 
905 |a 133 
901 |a ALE047507  |b IT2  |c CEE  |u 20250521 
902 |a https://opac.biblio.iteso.mx/vufind/Record/000497058